Bài tập ngữ văn 7 T.2
Gorde:
| Egile nagusia: | |
|---|---|
| Beste egile batzuk: | |
| Formatua: | Liburua |
| Hizkuntza: | Undetermined |
| Argitaratua: |
H.
Giáo dục
2003
|
| Gaiak: | |
| Sarrera elektronikoa: | http://lrc.tdmu.edu.vn/opac/search/detail.asp?aID=2&ID=4716 |
| Etiketak: |
Etiketa erantsi
Etiketarik gabe, Izan zaitez lehena erregistro honi etiketa jartzen!
|
| Thư viện lưu trữ: | Trung tâm Học liệu Trường Đại học Thủ Dầu Một |
|---|
| LEADER | 00645nam a2200217Ia 4500 | ||
|---|---|---|---|
| 001 | TDMU_4716 | ||
| 008 | 210410s9999 xx 000 0 und d | ||
| 082 | |a 373.2366076 | ||
| 090 | |b NG527 | ||
| 100 | |a Nguyễn, Khắc Phi | ||
| 245 | 0 | |a Bài tập ngữ văn 7 | |
| 245 | 0 | |c Nguyễn Khắc Phi | |
| 245 | 0 | |n T.2 | |
| 260 | |a H. | ||
| 260 | |b Giáo dục | ||
| 260 | |c 2003 | ||
| 300 | |a 96tr | ||
| 650 | |a Sách lớp 7 |v Bài tập | ||
| 700 | |a Nguyễn, Đình Chú | ||
| 856 | |u http://lrc.tdmu.edu.vn/opac/search/detail.asp?aID=2&ID=4716 | ||
| 980 | |a Trung tâm Học liệu Trường Đại học Thủ Dầu Một | ||